| 000 | 01292nem a2200265 i 4500 | ||
|---|---|---|---|
| 001 | 185968 | ||
| 003 | ES-MaACL | ||
| 005 | 20250821110927.0 | ||
| 008 | 160831s1883 sp | | | ||spa d | ||
| 130 | 0 |
_aMadrid. Parque del Retiro. _kExposiciones. _kPlanos. _f1883. _9160641 |
|
| 245 | 1 | 0 |
_aPlano oficial del terreno ocupado en el parque de Madrid por la Exposición de Minería, Artes Metalúrgicas, Cerámica, Cristalería y Aguas Minerales, 1883 [ _hMaterial cartográfico] / _clevantado y dibujado por Enrique de Nouvión. |
| 255 | _aEscala 1:1.000. | ||
| 260 |
_aMadrid : _bLit. Pfeiffer, _c29 de Mayo de 1883. |
||
| 300 |
_a1 plano : _bcol. ; _c54 x 69 cm pleg. en 19 x 14 cm. |
||
| 500 | _aEl pabellón central de la exposición es lo que hoy se conoce como el Palacio de Velázquez. | ||
| 650 | 4 |
_aMinería- _vExposiciones. _9160642 |
|
| 655 | 7 |
_2tgfbne _9193628 _aCatálogos de exposiciones |
|
| 700 | 1 |
_aNouvion, Enrique de. _9160643 |
|
| 700 | 1 |
_aVelázquez Bosco, Ricardo, _d1843-1923 _9113808 |
|
| 700 | 1 |
_aEscosura Morrogh, Luis de la, _d1821-1904 _9126953 |
|
| 711 | 2 |
_aExposición Nacional de Minería, Artes Metalúrgicas, Cerámica, Cristalería y Aguas Minerales ( _d1883. _cMadrid) _9707 |
|
| 852 |
_aES-MaACL _jF-5870 |
||
| 942 | _2udc | ||
| 999 |
_c185968 _d185968 |
||